00422nam a2200169Ia 4500008004100000041001200041082001600053100002700069245003300096365000900129520001200138546001200150630003300162650001200195655001200207730003300219101110s9999 xx 000 0 und d aENGLISH bSR3494a954 aMajumdar, Raychaudhuri aAn Advanced History of India b21.3 aHistory aENGLISH aAn Advanced History of India aHistory aHistory aAn Advanced History of India